[Event "Copenhagen3"]
[Site "Copenhagen"]
[Date "1995.??.??"]
[Round "3"]
[White "Boe, Mads"]
[Black "Stein, Bernd"]
[Result "1/2-1/2"]
[WhiteElo "2345"]
[BlackElo "2340"]
[PlyCount "38"]
[EventDate "1995.??.??"]
[EventType "schev"]
[EventRounds "9"]
[EventCountry "DEN"]
[SourceTitle "EXT 1997"]
[Source "ChessBase"]
[SourceDate "1996.11.15"]
[SourceVersion "1"]
[SourceVersionDate "1996.11.15"]
[SourceQuality "1"]

1. e4 c5 2. c3 d6 3. d4 Qc7 4. Be3 Nd7 5. Bd3 g6 6. Ne2 Bg7 7. 0-0 Ngf6 8. f3 0-0 9. a4 b6 10. Na3 a6 11. b4 Bb7 12. Qd2 Rfe8 13. g4 e6 14. Bf2 h6 15. Bg3 e5 16. d5 Nh7 17. Bf2 Ng5 18. Kg2 f5 19. Ng3 f4 1/2-1/2

[Event "Copenhagen"]
[Site "Copenhagen"]
[Date "1995.??.??"]
[Round "6"]
[White "Kristensen, Kaare Hove"]
[Black "Stein, Bernd"]
[Result "1/2-1/2"]
[WhiteElo "2280"]
[BlackElo "2365"]
[PlyCount "32"]
[EventDate "1995.??.??"]
[EventType "tourn"]
[EventRounds "9"]
[EventCountry "DEN"]
[EventCategory "5"]
[SourceTitle "CBM 045 Extra"]
[Source "ChessBase"]
[SourceDate "1995.05.01"]
[SourceVersion "1"]
[SourceVersionDate "1995.05.01"]
[SourceQuality "1"]

1. e4 c5 2. Nf3 e6 3. b4 cxb4 4. d4 d5 5. e5 Nc6 6. a3 Qa5 7. Bd3 Nh6 8. 0-0 Nf5 9. Bb2 h5 10. axb4 Qxb4 11. Ba3 Qa5 12. c3 g6 13. Qd2 Bd7 14. Ra2 Qc7 15. Bxf8 Kxf8 16. h3 Rc8 1/2-1/2

[Event "Copenhagen3"]
[Site "Copenhagen"]
[Date "1995.??.??"]
[Round "5"]
[White "Nielsen, Uffe Vinther"]
[Black "Stein, Bernd"]
[Result "1-0"]
[WhiteElo "2375"]
[BlackElo "2340"]
[PlyCount "45"]
[EventDate "1995.??.??"]
[EventType "schev"]
[EventRounds "9"]
[EventCountry "DEN"]
[SourceTitle "EXT 1997"]
[Source "ChessBase"]
[SourceDate "1996.11.15"]
[SourceVersion "1"]
[SourceVersionDate "1996.11.15"]
[SourceQuality "1"]

1. d4 Nf6 2. Nf3 e6 3. c4 c5 4. e3 cxd4 5. exd4 d5 6. Nc3 Bb4 7. cxd5 Nxd5 8. Bd2 Nc6 9. Bd3 0-0 10. 0-0 b6 11. Nxd5 Qxd5 12. Qc2 Nxd4 13. Nxd4 Qxd4 14. Bxh7+ Kh8 15. Be4 Ba6 16. Bc3 Qc5 17. Qa4 Bxc3 18. Qxa6 Bxb2 19. Rab1 Bd4 20. Bxa8 Rxa8 21. Qb7 Qf8 22. Rbc1 a5 23. Rc7 1-0

[Event "Copenhagen3"]
[Site "Copenhagen"]
[Date "1995.??.??"]
[Round "1"]
[White "Olesen, Martin"]
[Black "Stein, Bernd"]
[Result "1/2-1/2"]
[WhiteElo "2355"]
[BlackElo "2340"]
[PlyCount "47"]
[EventDate "1995.??.??"]
[EventType "schev"]
[EventRounds "9"]
[EventCountry "DEN"]
[SourceTitle "EXT 1997"]
[Source "ChessBase"]
[SourceDate "1996.11.15"]
[SourceVersion "1"]
[SourceVersionDate "1996.11.15"]
[SourceQuality "1"]

1. e4 c5 2. Nc3 e6 3. g3 d5 4. exd5 exd5 5. Bg2 Nf6 6. Nge2 d4 7. Ne4 Nxe4 8. Bxe4 Nd7 9. 0-0 Nf6 10. Bg2 Bd6 11. d3 0-0 12. Bf4 Bg4 13. Bxd6 Qxd6 14. h3 Bd7 15. Nf4 Bc6 16. Re1 Rae8 17. Bxc6 Qxc6 18. Qd2 Nd7 19. Ng2 Ne5 20. Nh4 f6 21. f4 Nf3+ 22. Nxf3 Qxf3 23. Qg2 Qxg2+ 24. Kxg2 1/2-1/2

[Event "Copenhagen3"]
[Site "Copenhagen"]
[Date "1995.??.??"]
[Round "7"]
[White "Olsen, Heini"]
[Black "Stein, Bernd"]
[Result "1/2-1/2"]
[WhiteElo "2360"]
[BlackElo "2340"]
[PlyCount "30"]
[EventDate "1995.??.??"]
[EventType "schev"]
[EventRounds "9"]
[EventCountry "DEN"]
[SourceTitle "EXT 1997"]
[Source "ChessBase"]
[SourceDate "1996.11.15"]
[SourceVersion "1"]
[SourceVersionDate "1996.11.15"]
[SourceQuality "1"]

1. d4 Nf6 2. c4 d6 3. Nc3 Nbd7 4. e4 e5 5. Nf3 c6 6. Be2 Be7 7. 0-0 0-0 8. Be3 a6 9. d5 cxd5 10. cxd5 Ne8 11. Qd2 g6 12. Ne1 Ng7 13. Nd3 f5 14. f4 Bf6 15. Rae1 b5 1/2-1/2

[Event "Copenhagen"]
[Site "Copenhagen"]
[Date "1995.??.??"]
[Round "3"]
[White "Shabtai, Ran"]
[Black "Stein, Bernd"]
[Result "1-0"]
[WhiteElo "2330"]
[BlackElo "2365"]
[PlyCount "67"]
[EventDate "1995.??.??"]
[EventType "tourn"]
[EventRounds "9"]
[EventCountry "DEN"]
[EventCategory "5"]
[SourceTitle "CBM 045 Extra"]
[Source "ChessBase"]
[SourceDate "1995.05.01"]
[SourceVersion "1"]
[SourceVersionDate "1995.05.01"]
[SourceQuality "1"]

1. c4 c5 2. Nc3 Nf6 3. Nf3 d5 4. cxd5 Nxd5 5. d4 cxd4 6. Qxd4 Nxc3 7. Qxc3 Nc6 8. e4 e6 9. Bd2 Qb6 10. Be2 Bc5 11. Qxg7 Bxf2+ 12. Kf1 Rf8 13. Bh6 Bc5 14. Rd1 Bd7 15. Qxh7 0-0-0 16. Bxf8 Rxf8 17. Qg7 e5 18. Rd2 Be6 19. g4 Qb4 20. Rc2 Bxa2 21. Kg2 f5 22. Rxc5 Qxc5 23. Rc1 Qd6 24. Qxe5 Qxe5 25. Nxe5 fxe4 26. Nxc6 bxc6 27. Rxc6+ Kd7 28. Bb5 Ke7 29. Bc4 Bb1 30. Re6+ Kd7 31. Re5 Kd6 32. Rd5+ Kc6 33. Rd1 Kc5 34. b3 1-0

[Event "Copenhagen"]
[Site "Copenhagen"]
[Date "1995.??.??"]
[Round "4"]
[White "Stein, Bernd"]
[Black "Welling, Gerard J"]
[Result "1/2-1/2"]
[WhiteElo "2365"]
[BlackElo "2400"]
[PlyCount "79"]
[EventDate "1995.??.??"]
[EventType "tourn"]
[EventRounds "9"]
[EventCountry "DEN"]
[EventCategory "5"]
[SourceTitle "CBM 045 Extra"]
[Source "ChessBase"]
[SourceDate "1995.05.01"]
[SourceVersion "1"]
[SourceVersionDate "1995.05.01"]
[SourceQuality "1"]

1. b3 c5 2. Bb2 e6 3. Nf3 Nf6 4. e3 b6 5. c4 Bb7 6. Nc3 Be7 7. Rc1 0-0 8. Bd3 Nc6 9. Bb1 d5 10. cxd5 exd5 11. 0-0 d4 12. Ne4 Re8 13. exd4 Nxd4 14. Re1 Bxe4 15. Bxe4 Nxe4 16. Rxe4 Qd5 17. d3 f5 18. Re3 Bf6 19. Bxd4 Bxd4 20. Nxd4 cxd4 21. Rxe8+ Rxe8 22. Qd2 Qe5 23. h3 h6 24. a4 Kh7 25. b4 Re6 26. b5 Rg6 27. Rc6 Rxc6 28. bxc6 Qc5 29. Qf4 Qxc6 30. Qxd4 Kg6 31. g4 fxg4 32. hxg4 Qf6 33. Qd7 Qf7 34. Qd4 Kg5 35. Kg2 Qf4 36. Qxg7+ Kh4 37. Qxa7 Qxg4+ 38. Kf1 Qd1+ 39. Kg2 Qg4+ 40. Kh2 1/2-1/2

[Event "Gausdal Int"]
[Site "Gausdal"]
[Date "1993.??.??"]
[Round "8"]
[White "Ernst, Thomas"]
[Black "Stein, Bernd"]
[Result "1/2-1/2"]
[WhiteElo "2480"]
[BlackElo "2360"]
[PlyCount "133"]
[EventDate "1993.08.??"]
[EventType "swiss"]
[EventRounds "9"]
[EventCountry "NOR"]
[SourceTitle "TD"]
[Source "ChessBase"]
[SourceDate "1994.03.01"]
[SourceVersion "1"]
[SourceVersionDate "1994.03.01"]
[SourceQuality "1"]

1. e4 c5 2. Nf3 e6 3. d4 cxd4 4. Nxd4 Nf6 5. Nc3 Nc6 6. Ndb5 Bb4 7. a3 Bxc3+ 8. Nxc3 d5 9. exd5 exd5 10. Bd3 d4 11. Qe2+ Be6 12. Ne4 Nxe4 13. Qxe4 Qd5 14. Bf4 Qxe4+ 15. Bxe4 0-0-0 16. 0-0-0 Bd5 17. Bf5+ Be6 18. Bd3 h6 19. Rhe1 Rhe8 20. f3 a6 21. Re2 Re7 22. Red2 Red7 23. Bg3 Re8 24. Bf2 Red8 25. Be4 Kc7 26. Bxc6 Kxc6 27. Bxd4 g6 28. b3 b5 29. Kb2 h5 30. c3 a5 31. Re2 a4 32. b4 Rd5 33. Rde1 R8d7 34. Kc1 Rd8 35. Re3 R8d7 36. Kd2 Rg5 37. g3 Rgd5 38. Ke2 Rd8 39. Kf2 R8d7 40. Kg2 Rd8 41. h3 R8d7 42. g4 Rd8 43. Kg3 R8d7 44. f4 hxg4 45. hxg4 Rd8 46. Kh4 Rg8 47. Re5 Rgd8 48. Rxe6+ fxe6 49. Rxe6+ R8d6 50. Re5 Rxe5 51. fxe5 Re6 52. Kg5 Kd5 53. Kh6 Rc6 54. g5 Ke4 55. Kg7 Kf5 56. Kf7 Re6 57. Kf8 Kxg5 58. c4 bxc4 59. b5 Kf5 60. b6 Rxb6 61. Bxb6 Kxe5 62. Kg7 Kf5 63. Kh6 g5 64. Kh5 c3 65. Ba5 c2 66. Bd2 g4 67. Kh4 1/2-1/2

[Event "Gausdal Int"]
[Site "Gausdal"]
[Date "1993.??.??"]
[Round "2"]
[White "Johnsen, Sverre"]
[Black "Stein, Bernd"]
[Result "1-0"]
[WhiteElo "2215"]
[BlackElo "2360"]
[PlyCount "33"]
[EventDate "1993.08.??"]
[EventType "swiss"]
[EventRounds "9"]
[EventCountry "NOR"]
[SourceTitle "TD"]
[Source "ChessBase"]
[SourceDate "1994.03.01"]
[SourceVersion "1"]
[SourceVersionDate "1994.03.01"]
[SourceQuality "1"]

1. d4 Nf6 2. Nc3 c5 3. dxc5 e6 4. e4 Nc6 5. f4 Qa5 6. Bd3 Bxc5 7. e5 Nd5 8. Bd2 Nxc3 9. Bxc3 Qb6 10. Nh3 Nd4 11. Qg4 g6 12. 0-0-0 h5 13. Qh4 Nb5 14. Qf6 Rf8 15. Bxb5 Qxb5 16. Rd6 b6 17. Be1 1-0

[Event "Bundesliga 9293"]
[Site "Germany"]
[Date "1993.??.??"]
[Round "?.4"]
[White "Keitlinghaus, Ludger"]
[Black "Stein, Bernd"]
[Result "1-0"]
[WhiteElo "2455"]
[BlackElo "2375"]
[PlyCount "95"]
[EventDate "1992.10.24"]
[EventType "team-tourn"]
[EventRounds "15"]
[EventCountry "GER"]
[SourceTitle "GER-chT"]
[Source "ChessBase"]
[SourceDate "1999.07.01"]
[SourceVersion "1"]
[SourceVersionDate "1999.07.01"]
[SourceQuality "1"]
[WhiteTeam "Stadthagen"]
[BlackTeam "Dortmund"]
[WhiteTeamCountry "GER"]
[BlackTeamCountry "GER"]

1. e4 c5 2. Nc3 e6 3. f4 a6 4. Nf3 d5 5. d3 Nc6 6. g3 Nf6 7. e5 d4 8. exf6 dxc3 9. fxg7 Bxg7 10. b3 b5 11. Bg2 Bb7 12. 0-0 Nd4 13. Be3 Bxf3 14. Bxf3 Ra7 15. Kg2 0-0 16. Bxd4 Bxd4 17. Qe2 Qd6 18. Rae1 Kh8 19. Qe4 b4 20. f5 exf5 21. Qxf5 Re7 22. Rxe7 Qxe7 23. Be4 f6 24. Rf4 Rf7 25. Rh4 Qd7 26. Qf1 Be5 27. Rh5 a5 28. Qf3 Rg7 29. Kh1 Qe7 30. Kg1 Qd7 31. Kg2 Qc8 32. Kh1 Qd7 33. Bxh7 Rxh7 34. Rxe5 Rxh2+ 35. Kxh2 fxe5 36. Qf8+ Kh7 37. Qxc5 Qf5 38. Qa7+ Kg8 39. Kg2 Qg5 40. Qf2 Qd2 41. Kf3 Qd1+ 42. Qe2 Qc1 43. d4 exd4 44. Ke4 Qd2 45. Qd3 Qf2 46. Kd5 Kf7 47. Kc4 Ke6 48. Qe4+ 1-0

[Event "Dortmund op-A"]
[Site "Dortmund"]
[Date "1993.??.??"]
[Round "10"]
[White "Siebrecht, Sebastian"]
[Black "Stein, Bernd"]
[Result "1/2-1/2"]
[WhiteElo "2335"]
[BlackElo "2375"]
[PlyCount "21"]
[EventDate "1993.04.??"]
[EventType "swiss"]
[EventRounds "11"]
[EventCountry "GER"]
[SourceTitle "TD"]
[Source "ChessBase"]
[SourceDate "1994.03.01"]
[SourceVersion "1"]
[SourceVersionDate "1994.03.01"]
[SourceQuality "1"]

1. d4 Nf6 2. Nf3 e6 3. Bg5 c5 4. e3 b6 5. Nbd2 Bb7 6. Bd3 d6 7. Qe2 a6 8. c3 Be7 9. 0-0 Nc6 10. Rac1 0-0 11. Rfe1 1/2-1/2

[Event "Gausdal Int"]
[Site "Gausdal"]
[Date "1993.??.??"]
[Round "7"]
[White "Stein, Bernd"]
[Black "Berg, Klaus"]
[Result "1/2-1/2"]
[WhiteElo "2360"]
[BlackElo "2395"]
[PlyCount "31"]
[EventDate "1993.08.??"]
[EventType "swiss"]
[EventRounds "9"]
[EventCountry "NOR"]
[SourceTitle "TD"]
[Source "ChessBase"]
[SourceDate "1994.03.01"]
[SourceVersion "1"]
[SourceVersionDate "1994.03.01"]
[SourceQuality "1"]

1. e4 g6 2. d4 Bg7 3. Nc3 d6 4. f4 e6 5. Nf3 Ne7 6. Be3 Nd7 7. Qd2 b6 8. g3 Bb7 9. Bg2 0-0 10. 0-0-0 Nf6 11. Ng5 h6 12. Nh3 a6 13. Nf2 c5 14. dxc5 dxc5 15. Qxd8 Raxd8 16. Rxd8 1/2-1/2

[Event "Dortmund op-A"]
[Site "Dortmund"]
[Date "1993.??.??"]
[Round "5"]
[White "Stein, Bernd"]
[Black "Speckner, Roland"]
[Result "1/2-1/2"]
[WhiteElo "2375"]
[BlackElo "2250"]
[PlyCount "41"]
[EventDate "1993.04.??"]
[EventType "swiss"]
[EventRounds "11"]
[EventCountry "GER"]
[SourceTitle "TD"]
[Source "ChessBase"]
[SourceDate "1994.03.01"]
[SourceVersion "1"]
[SourceVersionDate "1994.03.01"]
[SourceQuality "1"]

1. e4 c6 2. d4 d5 3. exd5 cxd5 4. c4 Nf6 5. Nc3 Nc6 6. Bg5 dxc4 7. Bxc4 Qxd4 8. Qxd4 Nxd4 9. 0-0-0 e5 10. f4 Bg4 11. Nf3 Bxf3 12. gxf3 0-0-0 13. fxe5 Nxf3 14. Rxd8+ Kxd8 15. Rd1+ Kc8 16. exf6 Nxg5 17. Nb5 a6 18. fxg7 Bxg7 19. Nd6+ Kc7 20. Nxf7 Nxf7 21. Bxf7 1/2-1/2

[Event "Gausdal Int"]
[Site "Gausdal"]
[Date "1992.??.??"]
[Round "8"]
[White "Ostenstad, Berge"]
[Black "Stein, Bernd"]
[Result "0-1"]
[WhiteElo "2450"]
[BlackElo "2370"]
[PlyCount "76"]
[EventDate "1992.08.??"]
[EventType "swiss"]
[EventRounds "9"]
[EventCountry "NOR"]
[SourceTitle "TD"]
[Source "ChessBase"]
[SourceDate "1994.03.01"]
[SourceVersion "1"]
[SourceVersionDate "1994.03.01"]
[SourceQuality "1"]

1. d4 Nf6 2. Nf3 e6 3. c4 c5 4. e3 cxd4 5. exd4 d5 6. Nc3 Bb4 7. Bd3 dxc4 8. Bxc4 0-0 9. 0-0 b6 10. Ne5 Bb7 11. Bg5 Bxc3 12. bxc3 Nbd7 13. Qe2 Qc7 14. Nxd7 Nxd7 15. Rac1 Rfe8 16. Rfe1 Nf8 17. Bb5 Bc6 18. Bd3 Ng6 19. Qh5 h6 20. Be3 Nf4 21. Bxf4 Qxf4 22. Re3 Red8 23. Rce1 Rd5 24. Qe2 Rg5 25. g3 Qf6 26. Bc2 Rd8 27. Qd3 g6 28. Bb3 Kg7 29. Qe2 Rd6 30. f3 Ra5 31. f4 Bd5 32. Re5 Rd8 33. Qf2 Rc8 34. Qb2 Qd8 35. Rc1 b5 36. Bxd5 exd5 37. Qg2 b4 38. c4 Rxc4 0-1

[Event "Bundesliga 9293"]
[Site "Germany"]
[Date "1992.??.??"]
[Round "?.3"]
[White "Stein, Bernd"]
[Black "Schulz, Klaus Juergen"]
[Result "1/2-1/2"]
[WhiteElo "2370"]
[BlackElo "2415"]
[PlyCount "26"]
[EventDate "1992.10.24"]
[EventType "team-tourn"]
[EventRounds "15"]
[EventCountry "GER"]
[SourceTitle "GER-chT"]
[Source "ChessBase"]
[SourceDate "1999.07.01"]
[SourceVersion "1"]
[SourceVersionDate "1999.07.01"]
[SourceQuality "1"]
[WhiteTeam "Dortmund"]
[BlackTeam "Bochum"]
[WhiteTeamCountry "GER"]
[BlackTeamCountry "GER"]

1. e4 c5 2. c3 d5 3. exd5 Qxd5 4. d4 Nf6 5. Nf3 e6 6. Be2 Nc6 7. Na3 Qd8 8. Nc2 Be7 9. 0-0 0-0 10. dxc5 Bxc5 11. Be3 Bxe3 12. Nxe3 Qc7 13. Qa4 b6 1/2-1/2

[Event "Bundesliga 9192"]
[Site "Germany"]
[Date "1991.??.??"]
[Round "?.8"]
[White "Huemmer, Bernd"]
[Black "Stein, Bernd"]
[Result "1/2-1/2"]
[WhiteElo "2275"]
[BlackElo "2355"]
[PlyCount "33"]
[EventDate "1991.10.12"]
[EventType "team-tourn"]
[EventRounds "15"]
[EventCountry "GER"]
[SourceTitle "GER-chT"]
[Source "ChessBase"]
[SourceDate "1999.07.01"]
[SourceVersion "1"]
[SourceVersionDate "1999.07.01"]
[SourceQuality "1"]
[WhiteTeam "Bamberg"]
[BlackTeam "Dortmund"]
[WhiteTeamCountry "GER"]
[BlackTeamCountry "GER"]

1. d4 Nf6 2. Nf3 d6 3. Bg5 Nbd7 4. Nbd2 h6 5. Bh4 g5 6. Bg3 Nh5 7. e4 Nxg3 8. hxg3 Bg7 9. c3 c5 10. dxc5 Nxc5 11. Bc4 Bg4 12. Nf1 Qb6 13. Qc2 Qc6 14. Ne3 Bxf3 15. gxf3 e6 16. a4 a6 17. 0-0 1/2-1/2

[Event "Dortmund-D"]
[Site "Dortmund"]
[Date "1991.??.??"]
[Round "2"]
[White "Mainka, Gregor"]
[Black "Stein, Bernd"]
[Result "0-1"]
[WhiteElo "2350"]
[BlackElo "2370"]
[PlyCount "104"]
[EventDate "1991.03.23"]
[EventType "tourn"]
[EventRounds "11"]
[EventCountry "GER"]
[EventCategory "4"]
[SourceTitle "CBM 022 Extra"]
[Source "ChessBase"]
[SourceDate "1991.07.01"]
[SourceVersion "1"]
[SourceVersionDate "1991.07.01"]
[SourceQuality "1"]

1. d4 Nf6 2. Nf3 e6 3. g3 c5 4. Bg2 cxd4 5. 0-0 Qc7 6. Nxd4 a6 7. Nb3 Be7 8. Bf4 d6 9. Qd2 0-0 10. Rd1 Rd8 11. a4 e5 12. Bg5 Be6 13. Nc3 Nc6 14. a5 Nb4 15. e4 d5 16. Bxf6 dxe4 17. Qe2 Bxf6 18. Qxe4 Be7 19. Re1 Rac8 20. Bf1 g6 21. Ra4 Nd5 22. Rc4 Qd7 23. Rxc8 Rxc8 24. Nxd5 Qxd5 25. Qxd5 Bxd5 26. Rxe5 Be6 27. Bd3 Bf6 28. Rc5 Bxb2 29. Be4 Ba3 30. Rxc8+ Bxc8 31. Kf1 Kf8 32. Ke2 Ke7 33. Bd5 f6 34. Kd3 Kd6 35. Kc4 Kc7 36. h4 b6 37. axb6+ Kxb6 38. Bg8 h6 39. Bf7 g5 40. Nd4 Bc5 41. hxg5 fxg5 42. f3 a5 43. f4 gxf4 44. gxf4 a4 45. f5 a3 46. Kc3 h5 47. Nb3 h4 48. f6 h3 49. Nxc5 Kxc5 50. Bh5 Be6 51. Bg4 h2 52. f7 Bxf7 0-1

[Event "Arnold Cup"]
[Site "Gausdal"]
[Date "1991.??.??"]
[Round "2"]
[White "Manninen, Marko"]
[Black "Stein, Bernd"]
[Result "0-1"]
[WhiteElo "2320"]
[BlackElo "2370"]
[PlyCount "124"]
[EventDate "1991.04.??"]
[EventType "swiss"]
[EventRounds "9"]
[EventCountry "NOR"]
[SourceTitle "TD"]
[Source "ChessBase"]
[SourceDate "1994.03.01"]
[SourceVersion "1"]
[SourceVersionDate "1994.03.01"]
[SourceQuality "1"]

1. d4 Nf6 2. Nf3 d6 3. g3 c6 4. Bg2 Nbd7 5. 0-0 e5 6. c4 Be7 7. Nc3 0-0 8. Qc2 Re8 9. h3 Bf8 10. e4 a6 11. a4 a5 12. Rd1 Qc7 13. Be3 exd4 14. Nxd4 Nc5 15. Rd2 h6 16. Rad1 Bd7 17. Nb3 Na6 18. c5 dxc5 19. e5 Nb4 20. Qc1 Nfd5 21. Nxd5 cxd5 22. Bxc5 Bxa4 23. Bxf8 Qxc1 24. Rxc1 Kxf8 25. Nc5 Bc6 26. f4 Rac8 27. Nd3 Nxd3 28. Rxd3 f6 29. exf6 gxf6 30. Bxd5 Red8 31. Rcd1 Bb5 32. R3d2 b6 33. Kf2 Rc5 34. Bf3 Rxd2+ 35. Rxd2 Ke7 36. g4 Bd7 37. f5 b5 38. Kg3 b4 39. Kf2 a4 40. Ke3 Bb5 41. Bd5 Kd6 42. Be6+ Ke5 43. Rd4 b3 44. Re4+ Kd6 45. Rd4+ Kc7 46. Rd5 Rxd5 47. Bxd5 Kd6 48. Kd4 Bf1 49. h4 Be2 50. g5 hxg5 51. hxg5 fxg5 52. f6 g4 53. f7 Ke7 54. Ke3 Bf3 55. Be6 a3 56. bxa3 b2 57. Ba2 Bd5 58. Bb1 g3 59. a4 Kxf7 60. a5 Ke7 61. a6 Kd6 62. Bd3 Kc7 0-1

[Event "Copenhagen Unibank"]
[Site "Copenhagen"]
[Date "1991.??.??"]
[Round "7"]
[White "Stein, Bernd"]
[Black "Borge, Nikolaj"]
[Result "0-1"]
[WhiteElo "2355"]
[BlackElo "2285"]
[PlyCount "64"]
[EventDate "1991.07.??"]
[EventType "swiss"]
[EventRounds "9"]
[EventCountry "DEN"]
[SourceTitle "TD"]
[Source "ChessBase"]
[SourceDate "1994.03.01"]
[SourceVersion "1"]
[SourceVersionDate "1994.03.01"]
[SourceQuality "1"]

1. Nf3 f5 2. b3 d6 3. d4 Nf6 4. Bb2 g6 5. e3 Bg7 6. Be2 0-0 7. 0-0 Qe8 8. c4 Nc6 9. d5 Nd8 10. Nbd2 c6 11. dxc6 bxc6 12. Qc2 e5 13. e4 Ne6 14. Bd3 Nf4 15. Rfe1 fxe4 16. Nxe4 Nxe4 17. Bxe4 d5 18. cxd5 cxd5 19. Bd3 e4 20. Bxg7 Kxg7 21. Bf1 Qd8 22. Qc3+ Kg8 23. Nd4 Qg5 24. Qg3 Qf6 25. Qe3 Ba6 26. Nb5 Rac8 27. Rac1 Rxc1 28. Rxc1 Bxb5 29. Bxb5 Qg5 30. Bf1 d4 31. Bc4+ Kg7 32. Qxd4+ Kh6 0-1

[Event "Bundesliga 9192"]
[Site "Germany"]
[Date "1991.??.??"]
[Round "?.8"]
[White "Stein, Bernd"]
[Black "Heinemann, Thies"]
[Result "1-0"]
[WhiteElo "2355"]
[BlackElo "2405"]
[PlyCount "107"]
[EventDate "1991.10.12"]
[EventType "team-tourn"]
[EventRounds "15"]
[EventCountry "GER"]
[SourceTitle "GER-chT"]
[Source "ChessBase"]
[SourceDate "1999.07.01"]
[SourceVersion "1"]
[SourceVersionDate "1999.07.01"]
[SourceQuality "1"]
[WhiteTeam "Dortmund"]
[BlackTeam "Hamburger SK"]
[WhiteTeamCountry "GER"]
[BlackTeamCountry "GER"]

1. e4 c5 2. Nf3 e6 3. c3 d5 4. exd5 Qxd5 5. d4 Nf6 6. Be2 Be7 7. 0-0 Nc6 8. c4 Qd8 9. dxc5 Qxd1 10. Rxd1 Bxc5 11. Nc3 h6 12. h3 Ke7 13. Bf4 Rd8 14. Rxd8 Nxd8 15. Rd1 Bd7 16. Ne5 Be8 17. Bf3 Rc8 18. Kf1 Bb4 19. Ne2 g5 20. Bg3 Nc6 21. a3 Ba5 22. Nxc6+ Bxc6 23. Bd6+ Ke8 24. Bxc6+ Rxc6 25. c5 Rc8 26. b4 Bc7 27. Bxc7 Rxc7 28. Nc3 a6 29. Ke2 Ke7 30. Rd6 Nd7 31. Na4 a5 32. Nb6 axb4 33. axb4 Ne5 34. Rd1 h5 35. g3 Nc6 36. Rb1 Kf6 37. Kd3 Kf5 38. Nc4 Ne5+ 39. Nxe5 Kxe5 40. Kc4 h4 41. Re1+ Kf5 42. gxh4 gxh4 43. b5 Kf4 44. Re3 e5 45. c6 bxc6 46. b6 Rc8 47. Kc5 e4 48. b7 Rh8 49. Ra3 Rb8 50. Kxc6 Ke5 51. Kc7 Re8 52. b8Q Rxb8 53. Kxb8 Kd4 54. Ra5 1-0

[Event "Copenhagen Unibank"]
[Site "Copenhagen"]
[Date "1991.??.??"]
[Round "2"]
[White "Stein, Bernd"]
[Black "Jorgensen, Brian Jorgen"]
[Result "1-0"]
[WhiteElo "2355"]
[BlackElo "2270"]
[PlyCount "41"]
[EventDate "1991.07.??"]
[EventType "swiss"]
[EventRounds "9"]
[EventCountry "DEN"]
[SourceTitle "TD"]
[Source "ChessBase"]
[SourceDate "1994.03.01"]
[SourceVersion "1"]
[SourceVersionDate "1994.03.01"]
[SourceQuality "1"]

1. Nf3 f5 2. b3 d6 3. d4 Nf6 4. Bb2 g6 5. e3 Bg7 6. Be2 0-0 7. 0-0 c6 8. c4 Na6 9. Nbd2 h6 10. a3 e5 11. dxe5 Nd7 12. b4 dxe5 13. c5 Nc7 14. Qb3+ Kh7 15. e4 Qe7 16. Rfe1 f4 17. Nc4 g5 18. h3 h5 19. Rad1 Ne6 20. Nd6 g4 21. Qxe6 1-0